000 00505nam a2200217 454500
001 073201
003 BD-ChCU
008 Eng
020 _ax
040 _aDLC
_cDLC
_dBD-ChCU
082 0 0 _a537/JAI
100 1 _aJaeger, J .C.
_bNewstead, Gordon.
245 1 0 _aAn introduction to the laplace transformations
_bx
250 _a3 ed.
260 _aLond
_bMethuen,
_c1962
300 _avii, 151p,
504 _a
650 0 _aElectricity
_bCalculus
700 1 _ax
942 _2ddc
_cBK
999 _c73201
_d73201